| 000 | 00418nam a2200157Ia 4500 | ||
|---|---|---|---|
| 008 | 160316s1996 xxu||||| |||| 00| 0 eng d | ||
| 082 |
_a109.000000 _bSOL |
||
| 100 | _aSolomon Robert C | ||
| 245 | _aA short history of philosophy | ||
| 250 | _a | ||
| 260 |
_aNew York _bOxford University Press _c1996 |
||
| 300 |
_a329p _b _c |
||
| 365 | _b$ 15.50 | ||
| 650 | _a1.Philosophy - History | ||
| 700 |
_aHiggins Kathleen M _a |
||
| 999 |
_c10813 _d10813 |
||